Central Library OPAC University of Rajshahi

L'universalite de l'Islam / (Record no. 56990)

MARC details
000 -LEADER
fixed length control field 00630nam a2200229 a 4500
001 - CONTROL NUMBER
control field 56990
003 - CONTROL NUMBER IDENTIFIER
rucl marc code BD-RjUL
005 - DATE AND TIME OF LATEST TRANSACTION
control field 20211209080446.0
008 - FIXED-LENGTH DATA ELEMENTS--GENERAL INFORMATION
fixed length control field 161205s1998 ii ||||| |||| 00| 0 eng d
020 ## - INTERNATIONAL STANDARD BOOK NUMBER
International Standard Book Number 9981261181
035 ## - SYSTEM CONTROL NUMBER
System control number (BD-RjUL)57114
040 ## - CATALOGING SOURCE
Original cataloging agency BD-RjUL
Language of cataloging eng
Transcribing agency BD-RjUL
041 ## - LANGUAGE CODE
Language code of text/sound track or separate title eng
082 ## - DEWEY DECIMAL CLASSIFICATION NUMBER
Edition number 23
Classification number 297
Author mark and year DAL 1998
100 1# - MAIN ENTRY--PERSONAL NAME
Personal name Dayf , Shawqi
9 (RLIN) 169365
245 10 - TITLE STATEMENT
Title L'universalite de l'Islam /
Statement of responsibility, etc. Shawqi Dayf Traduction by Ahmed Dhimene
260 ## - PUBLICATION, DISTRIBUTION, ETC. (IMPRINT)
Place of publication, distribution, etc. India :
Name of publisher, distributor, etc. ISESCO,
Date of publication, distribution, etc. 1998
300 ## - PHYSICAL DESCRIPTION
Pagination 127 p. ;
Size 25 cm
650 ## - SUBJECT ADDED ENTRY--TOPICAL TERM
Topical term or geographic name as entry element Islam
General subdivision Universality
9 (RLIN) 169366
700 ## - ADDED ENTRY--PERSONAL NAME
Personal name Dhimene, Ahmed
942 ## - ADDED ENTRY ELEMENTS (KOHA)
Source of classification or shelving scheme Dewey Decimal Classification
Koha item type Books
Holdings
Lost status Source of classification or shelving scheme Damaged status Not for loan Collection code Permanent Location Current Location Shelving location Date acquired Total Checkouts Full call number Date last seen Copy number Koha item type
  Dewey Decimal Classification   Not For Loan Non-fiction Central Library, University of Rajshahi Central Library, University of Rajshahi Reading Room 15/03/1998   297 DAL 1998 05/12/2016 C-1 Books